Historia de la Belleza: el cuerpo y el arte de embellecer desde el Renacimiento hasta nuestros días

Tallennettuna:
Bibliografiset tiedot
Päätekijä: Vigarello, Georges (Tekijä)
Aineistotyyppi: Kirja
Kieli:espanja
Julkaistu: Buenos Aires Nueva Visión 2005
Painos:1a. ed
Aiheet:
Tagit: Lisää tagi
Ei tageja, Lisää ensimmäinen tagi!

MARC

LEADER 00000cam a2200000 a 4500
001 UCK7549
003 CL-VaPUC
005 20230601074022.0
008 051125e20050000AG |||||||||||||||||spa|d
020 |a 9789506025007 
040 |c Pontificia Universidad Católica de Valparaíso 
082 0 4 |a 701.17  |b VIG  |2 21 
100 |a Vigarello, Georges  |e author  |9 502695 
245 1 0 |a Historia de la Belleza: el cuerpo y el arte de embellecer desde el Renacimiento hasta nuestros días 
250 |a 1a. ed 
260 |a Buenos Aires  |b Nueva Visión  |c 2005 
300 |a 267 p 
583 |a last modification  |c 20190809 08:43:38  |k Rodrigo Vera 
650 0 |a Belleza   |9 265712 
650 0 |a Estética   |9 264950 
650 0 |a Cultura  |9 269059 
942 |c BK 
945 |d 20051125 00:00:00  |a jtorresc 
999 |c 315452  |d 315450 
952 |0 0  |1 0  |4 0  |6 701_170000000000000_VIG_2005  |7 0  |8 A  |9 388730  |a BIBHIS  |b BIBHIS  |d 2019-11-22  |i 4166671  |o 701.17 VIG 2005  |p 4166671  |r 2025-01-20  |w 2019-11-22  |y BK  |k HIS 
952 |0 0  |1 0  |3 erb  |4 0  |6 701_170000000000000_VIG_2005  |7 0  |8 A  |9 388731  |a BIBART  |b BIBART  |i 5556805  |o 701.17 VIG 2005  |p 5556805  |r 2025-03-13  |w 2019-11-22  |y BK  |z Catalogado en:20190809  |k ART